[Event "1. f3 fiasco"]
[Site "SchemingMind.com"]
[Date "2006.04.12"]
[Round "-"]
[White "bonka-z"]
[Black "MatdeInverses"]
[Result "0-1"]
[WhiteCountry "GBR"]
[BlackCountry "USA"]
[WhiteElo "1318"]
[WhiteRD "103"]
[BlackElo "1898"]
[BlackRD "52"]
[GameID "46209"]

1. f3 g6 2. d4 c5 3. dxc5 Bg7 4. c3 Na6 5. Be3 Qc7 6. Bd4 e5 7. Be3 Nxc5 8. Bxc5 Qxc5 9. e4 Ne7 10. Bd3 O-O
11. Ne2 d5 12. exd5 Nxd5 13. Na3 Ne3 14. b4 Nxg2+ 15. Kd2 Qe3+ 16. Kc2 Qxf3 17. Kb3 Be6+ 18. Nc4 b5 19. Ng3 bxc4+ 20. Bxc4 Bxc4+
21. Kb2 Qf2+ 22. Ka3 a5 23. Ne4 axb4+ 24. Kxb4 Rfb8+ 25. Kxc4 Ne3+ 26. Kd3 Rd8+ 27. Nd6 Rxd6+ 28. Ke4 f5#
0-1

[Event "1. f3 fiasco"]
[Site "SchemingMind.com"]
[Date "2006.04.12"]
[Round "-"]
[White "lame wolf"]
[Black "bonka-z"]
[Result "0-1"]
[WhiteCountry "INT"]
[BlackCountry "GBR"]
[WhiteElo "933"]
[WhiteRD "87"]
[BlackElo "1318"]
[BlackRD "103"]
[GameID "46210"]

1. f3 e5 2. e4 Bc5 3. Ne2 Nf6 4. b3 O-O 5. Bb2 Nc6 6. d3 d5 7. exd5 Qxd5 8. c4 Qd6 9. Qd2 Nd4 10. Nxd4 Bxd4
11. Bxd4 Qxd4 12. Qc3 Qe3+ 13. Be2 Be6 14. d4 Qxc3+ 15. Nxc3 exd4 16. Ne4 Nd7 17. O-O c5 18. Nd6 b6 19. a4 a5 20. Rab1 h6
21. Rbe1 Rad8 22. Bd3 Nf6 23. Ne4 Rfe8 24. Nxf6+ gxf6 25. Re4 f5 26. Rh4 Kh7
0-1

[Event "1. f3 fiasco"]
[Site "SchemingMind.com"]
[Date "2006.04.12"]
[Round "-"]
[White "Erhaem"]
[Black "bonka-z"]
[Result "1-0"]
[WhiteCountry "NED"]
[BlackCountry "GBR"]
[WhiteElo "2018"]
[WhiteRD "52"]
[BlackElo "1318"]
[BlackRD "103"]
[GameID "46211"]

1. f3 e5 2. Nc3 Nf6 3. d4 Nc6 4. dxe5 Nxe5 5. g4 Bb4 6. g5 Nh5 7. f4 Bxc3+ 8. bxc3 Nc4 9. e4 Nb6 10. Qxh5 d5
11. e5 O-O 12. Ba3 g6 13. Qf3 Re8 14. O-O-O c6 15. h4 Kg7 16. h5 Rh8 17. hxg6 fxg6 18. Bd3 h5 19. Rh4 Re8 20. Rxh5 gxh5
21. Qxh5 Re6 22. Qh7#
1-0

[Event "1. f3 fiasco"]
[Site "SchemingMind.com"]
[Date "2006.04.12"]
[Round "-"]
[White "fer_even"]
[Black "bonka-z"]
[Result "1-0"]
[WhiteCountry "ARG"]
[BlackCountry "GBR"]
[WhiteElo "2188"]
[WhiteRD "72"]
[BlackElo "1318"]
[BlackRD "103"]
[GameID "46212"]

1. f3 e5 2. Nc3 d5 3. d4 Nc6 4. dxe5 d4 5. Ne4 h6 6. e3 dxe3 7. Qxd8+ Nxd8 8. Bxe3 a6 9. O-O-O Bf5 10. Bc4 Bxe4
11. fxe4 g5 12. Ne2 Nc6 13. e6 f6 14. Ng3 Bd6 15. Nf5 Bf4 16. Bxf4 gxf4 17. Rd7 Rd8 18. Ng7+ Kf8 19. Rf7#
1-0

[Event "1. f3 fiasco"]
[Site "SchemingMind.com"]
[Date "2006.04.12"]
[Round "-"]
[White "markjburden"]
[Black "bonka-z"]
[Result "1-0"]
[WhiteCountry "GBR"]
[BlackCountry "GBR"]
[WhiteElo "1656"]
[WhiteRD "73"]
[BlackElo "1318"]
[BlackRD "103"]
[GameID "46213"]

1. f3 e5 2. Kf2 Nc6 3. e3 Qf6 4. Be2 d5 5. d3 Bd6 6. Nd2 Nge7 7. c4 Bc5 8. a3 Nf5 9. Nf1 Be6 10. b4 Bd6
11. c5 Be7 12. Bb2 Qh6 13. Bc3 d4 14. Bd2 dxe3+ 15. Nxe3 Qh4+ 16. g3 Nxg3 17. hxg3 Qxh1 18. Bf1 Qh2+ 19. Bg2 Nd4 20. Nf1 Qh5
21. Be3 Bg4 22. Bxd4 exd4 23. Qe2 Be6 24. Re1 O-O 25. f4 Qxe2+ 26. Rxe2 c6 27. f5 Bg5 28. fxe6 fxe6+ 29. Ke1 Rae8 30. Be4 Rf6
31. Nf3 Be3 32. Nxe3 dxe3 33. Rxe3 Rd8 34. d4 Rh6 35. Ke2 Rh1 36. Ng5 Rh2+ 37. Ke1 Rf8 38. Nxe6 Rff2 39. Nf4 Ra2 40. Kf1 g5
41. Ne6 g4 42. Nd8 Ra1+ 43. Re1 Rxa3 44. Nxb7 Rxg3 45. Bxc6 Rhh3 46. Kf2 Rd3 47. b5 g3+ 48. Kg1 Rd2 49. Bd5+ Kf8 50. Nd6 Rxd4
51. Re8+ Kg7 52. Nf5+ Kf6 53. Nxd4 Kg5 54. c6 Kf4 55. c7
1-0

[Event "1. f3 fiasco"]
[Site "SchemingMind.com"]
[Date "2006.04.12"]
[Round "-"]
[White "clockwork"]
[Black "bonka-z"]
[Result "1-0"]
[WhiteCountry "CAN"]
[BlackCountry "GBR"]
[WhiteElo "1411"]
[WhiteRD "69"]
[BlackElo "1318"]
[BlackRD "103"]
[GameID "46214"]

1. f3 e5 2. e4 d5 3. exd5 Qxd5 4. Nc3 Qc6 5. Bb5 Qxb5 6. Nxb5 Bd6 7. Nxd6+ cxd6 8. d3 Nf6 9. Bg5 Nd5 10. c4 Nb4
11. Qb3 a5 12. a3 N4c6 13. Ne2 Be6 14. Qxb7 O-O 15. Qxa8 f6 16. Be3 d5 17. Bc5 Re8 18. O-O dxc4 19. f4 cxd3 20. Nc3 Bc4
21. Rfd1 e4 22. Nd5 Bxd5 23. Qb7 Re7 24. Bxe7 h6 25. Qc8+ Kh7 26. Qc7 Bb3 27. Bxf6 Kg6 28. Qxg7+ Kh5 29. g4#
1-0

[Event "1. f3 fiasco"]
[Site "SchemingMind.com"]
[Date "2006.04.12"]
[Round "-"]
[White "PackoJones1000"]
[Black "bonka-z"]
[Result "1-0"]
[WhiteCountry "ESP"]
[BlackCountry "GBR"]
[WhiteElo "2139"]
[WhiteRD "71"]
[BlackElo "1318"]
[BlackRD "103"]
[GameID "46215"]

1. f3 e5 2. e4 Bc5 3. f4 Bxg1 4. Rxg1 Qf6 5. Nc3 Qxf4 6. g3 Qf6 7. Nd5 Qc6 8. Bb5 Qc5 9. d4 Qxd4 10. Nxc7+ Kd8
11. Qxd4 exd4 12. Nxa8 Ne7 13. Bf4 Nbc6 14. Bc7+ Ke8 15. Bd6 Kf8 16. Rf1 f6 17. e5 Nxe5 18. Bxe5 a6 19. Bd3 d5 20. Bxd4 Bh3
21. Rf2 Kf7 22. Nc7 Rc8 23. Bb6 Ng6 24. Nxd5 Re8+ 25. Kd2 Kg8 26. Nf4 Be6 27. Nxe6 Kh8 28. Re1 Rc8 29. Nd8 h6 30. Bxg6
1-0

[Event "1. f3 fiasco"]
[Site "SchemingMind.com"]
[Date "2006.04.12"]
[Round "-"]
[White "judgmentality"]
[Black "bonka-z"]
[Result "0-1"]
[WhiteCountry "USA"]
[BlackCountry "GBR"]
[WhiteElo "1264"]
[WhiteRD "60"]
[BlackElo "1318"]
[BlackRD "77"]
[GameID "46216"]

1. f3 e5 2. Nc3 f6 3. e4 b6 4. Bc4 Bb7 5. Nge2 Bb4 6. O-O Bxc3 7. Bxg8 Bxb2 8. Bxb2 Rxg8 9. d4 d6 10. Qd3 Ba6
11. Qb3 Rh8 12. Rf2 Bxe2 13. Rxe2 Nc6 14. Rd1 Qd7 15. d5 Na5 16. Qd3 O-O-O 17. Bc3 Qa4 18. Qa6+ Kb8 19. Bxa5 Qxa2 20. c3 Qxa5
21. Qxa5 bxa5
0-1

[Event "1. f3 fiasco"]
[Site "SchemingMind.com"]
[Date "2006.04.12"]
[Round "-"]
[White "AlbertoAveiro"]
[Black "bonka-z"]
[Result "1-0"]
[WhiteCountry "POR"]
[BlackCountry "GBR"]
[WhiteElo "1499"]
[WhiteRD "143"]
[BlackElo "1275"]
[BlackRD "86"]
[GameID "46217"]

1. f3 e5 2. Nc3 d5 3. e3 g6 4. Nge2 Bf5 5. Ng3 Qh4 6. Be2 d4 7. Ne4 Bxe4 8. fxe4 dxe3 9. dxe3 Nd7 10. O-O Ngf6
11. c3 Nxe4 12. Nxe4 Qxe4 13. Bf3 Qc4 14. Bxb7 Rb8 15. Bd5 Qb5 16. Bxf7+ Ke7 17. Bb3 Nf6 18. Qf3 e4 19. Qxf6+ Kd7 20. Qxh8 h6
21. Rxf8 Rxf8 22. Qxf8 Qe2 23. Qf1
1-0

[Event "1. f3 fiasco"]
[Site "SchemingMind.com"]
[Date "2006.04.12"]
[Round "-"]
[White "MatdeInverses"]
[Black "bonka-z"]
[Result "1-0"]
[WhiteCountry "USA"]
[BlackCountry "GBR"]
[WhiteElo "1898"]
[WhiteRD "52"]
[BlackElo "1318"]
[BlackRD "103"]
[GameID "46218"]

1. f3 e5 2. f4 e4 3. e3 d5 4. d3 Nf6 5. c4 dxc4 6. Qa4+ Bd7 7. Qxc4 exd3 8. Bxd3 Qe7 9. Nf3 Nc6 10. O-O a6
11. a3 O-O-O 12. Qc2 g6 13. Nc3 Bg7 14. e4 Nh5 15. Nd5 Qd6 16. Be3 f5 17. Bc5 Qe6 18. Ng5 Qe8 19. exf5 Nf6 20. Rae1 Qg8
21. Ne7+ Nxe7 22. Bxe7 Re8 23. Bd6 c6 24. Qc5 Bxf5 25. Bxf5+ gxf5 26. Qxf5+ Nd7 27. Nf7 Rxe1 28. Rxe1 Bd4+ 29. Kh1 Qf8 30. Bxf8 Rxf8
31. Qxh7 Bxb2 32. a4 Ba3 33. Ne5 Nxe5 34. fxe5 Bb4 35. Rd1 Kb8 36. e6 Re8 37. Qd7 Rh8 38. e7 Rh4 39. e8=Q+ Ka7 40. Qe3+
1-0